Advances in remote sensing and GIS analysis

Αποθηκεύτηκε σε:
Λεπτομέρειες βιβλιογραφικής εγγραφής
Άλλοι συγγραφείς: Atkinson, Peter M. (Επιμελητής έκδοσης), Tate, Nicholas J. (Επιμελητής έκδοσης)
Μορφή: Βιβλίο
Γλώσσα:English
Δημοσίευση: Chichester : Wiley, c1999
Θέματα:
Ετικέτες: Προσθήκη ετικέτας
Δεν υπάρχουν, Καταχωρήστε ετικέτα πρώτοι!

MARC

LEADER 00000nam a2200000 i 4500
001 1/47677
008 040127s1999 eng d
020 |a 0-471-98577-5 
035 |l 10072120 
040 |a GR-MY-UA  |b gre  |e aacr 
041 0 |a eng 
082 0 |a 621.384196  |2 (21) 
245 1 0 |a Advances in remote sensing and GIS analysis /  |c edited by Peter M. Atkinson and Nicholas J. Tate 
260 |a Chichester :   |b Wiley,   |c c1999 
300 |a xiv, 273 σ.;  |b εικ., πιν., διαγρ.;  |c 25 εκ. 
500 |a Selected papers from a meeting held at the University of Southampton, July 25, 1996, supplemented by invited contributions 
504 |a Περιέχει βιβλιογραφία και ευρετήριο 
650 0 0 |a Remote sensing  |x Congresses. 
650 0 0 |a Geographic information systems  |v Congresses. 
700 1 |a Atkinson, Peter M.  |4 edt 
700 1 |a Tate, Nicholas J.  |4 edt 
852 |a INST  |b LESVOS  |e 20040127  |h 621.384196 ADV  |p 005100030807  |q 005100030807  |t BK  |y 0 
901 |a BIBL1-2004-1 
909 |a Λ  |b 107044 
922 |a 1ΕΛΗ  |b 200311  |c ΕΠΕΑΕΚ2/ΤΓ  |d ΜΙΧΑΛΟΠΟΥΛΟΣ 
950 |a 118-2003-09-17 
970 |a ΧΡΙΣΤΟΦΑ  |b ΝΙΚΗ  |z 2004/01/29